000 00948nam a22002297a 4500
003 URS
005 20220607152349.0
008 220607b ||||| |||| 00| 0 eng d
100 _91684
_aCabelin, Marielle S.
_eauthor
245 _aInfluence of Covid-19 pandemic on work life balance among employees of the Mandaue Foam in Muzon, Taytay, Rizal
_cMarielle S. Cabelin, Mary Jane Carreon, Elona Jean F. Mag-atas
260 _c2021
300 _axiii, 66 leaves
_c28 cm.
336 _2rdacontent
_atext
337 _2rdamedia
_aunmediated
338 _2rdacarrier
_avolume
502 _aThesis
_bBachelor of Science in Business Administration Major in Human Resource Management
_cUniversity of Rizal System, Binangonan
_d2021
504 _aIncludes bibliographical references.
700 _91685
_aCarreon, Mary Jane
_eauthor
700 _91686
_aMag-Atas, Elona Jean F.
_eauthor
700 _91679
_aAlbert Q. Clemente, MM
_eadviser
942 _2lcc
_cT
999 _c58221
_d58221